Musıki edebiyatı (Record no. 10896)

000 -LEADER
fixed length control field 01029nmm a2200337 a 4500
001 - CONTROL NUMBER
control field ocm0001061950
003 - CONTROL NUMBER IDENTIFIER
control field TR-IsHL
005 - DATE AND TIME OF LATEST TRANSACTION
control field 20201028151224.0
008 - FIXED-LENGTH DATA ELEMENTS--GENERAL INFORMATION
fixed length control field 150709s2010 tu tur
007 - PHYSICAL DESCRIPTION FIXED FIELD--GENERAL INFORMATION
fixed length control field cr cn
020 ## - INTERNATIONAL STANDARD BOOK NUMBER
International Standard Book Number 9786056115400
035 ## - SYSTEM CONTROL NUMBER
System control number 1061950
-- (N$T)
050 04 - LIBRARY OF CONGRESS CALL NUMBER
Classification number GR280
Item number .U97 2010
090 04 - LOCALLY ASSIGNED LC-TYPE CALL NUMBER (OCLC); LOCAL CALL NUMBER (RLIN)
Classification number (OCLC) (R) ; Classification number, CALL (RLIN) (NR) GR280
Local cutter number (OCLC) ; Book number/undivided call number, CALL (RLIN) .U97 2010
100 1# - MAIN ENTRY--PERSONAL NAME
Personal name Uysal, R. Selçuk
245 10 - TITLE STATEMENT
Title Musıki edebiyatı
Medium [electronic resource] /
Statement of responsibility, etc. R. Selçuk Uysal
250 ## - EDITION STATEMENT
Edition statement 2.baskı
260 ## - PUBLICATION, DISTRIBUTION, ETC.
Place of publication, distribution, etc. İstanbul :
Name of publisher, distributor, etc. Doğu Kitabevi,
Date of publication, distribution, etc. 2010
300 ## - PHYSICAL DESCRIPTION
Extent 317 p.
500 ## - GENERAL NOTE
General note Kaynakça (s. 311-314) var.
International Standard Serial Number (SE) [OBSOLETE]
650 #4 - SUBJECT ADDED ENTRY--TOPICAL TERM
Topical term or geographic name entry element Müzik
650 #4 - SUBJECT ADDED ENTRY--TOPICAL TERM
Topical term or geographic name entry element Music
650 #0 - SUBJECT ADDED ENTRY--TOPICAL TERM
Topical term or geographic name entry element Halk müziği
General subdivision Türkiye
650 #0 - SUBJECT ADDED ENTRY--TOPICAL TERM
Topical term or geographic name entry element Folk music
General subdivision Turkey
650 #0 - SUBJECT ADDED ENTRY--TOPICAL TERM
Topical term or geographic name entry element Halkbilim
General subdivision Türkiye
650 #0 - SUBJECT ADDED ENTRY--TOPICAL TERM
Topical term or geographic name entry element Folklore
General subdivision Turkey
650 #0 - SUBJECT ADDED ENTRY--TOPICAL TERM
Topical term or geographic name entry element Halk edebiyatı, Türk
650 #0 - SUBJECT ADDED ENTRY--TOPICAL TERM
Topical term or geographic name entry element Folk literature, Turkish
650 #7 - SUBJECT ADDED ENTRY--TOPICAL TERM
Topical term or geographic name entry element SOCIAL SCIENCE / Folklore & Mythology
Source of heading or term bisacsh
856 40 - ELECTRONIC LOCATION AND ACCESS
Uniform Resource Identifier <a href="http://search.ebscohost.com/login.aspx?direct=true&scope=site&db=e011xww&AN=1061950">http://search.ebscohost.com/login.aspx?direct=true&scope=site&db=e011xww&AN=1061950</a>
Holdings
Withdrawn status Lost status Source of classification or shelving scheme Damaged status Not for loan Collection code Permanent Location Current Location Date acquired Total Checkouts Full call number Barcode Date last seen Price effective from Koha item type
        Online   Kıbrıs Amerikan Üniversitesi Kütüphanesi / American University of Cyprus Kıbrıs Amerikan Üniversitesi Kütüphanesi / American University of Cyprus 28.10.2020   GR280 .U97 2010 1061950 28.10.2020 28.10.2020 E-Kitap
Devinim Yazılım Eğitim Danışmanlık tarafından Koha'nın orjinal sürümü uyarlanarak geliştirilip kurulmuştur.